| 000 | 01008nam a22003377a 4500 | ||
|---|---|---|---|
| 001 | BR2017001531 | ||
| 003 | BR-BrBNA | ||
| 005 | 20230928105111.0 | ||
| 007 | ta | ||
| 008 | 230509b bl.||||| |||| 00| 0 por d | ||
| 040 |
_aBR-BrBNA _bpor _cBiblioteca Nacional de Agricultura |
||
| 041 | _a(Por) | ||
| 072 | _aN01; P36 | ||
| 090 | _ N01 BR2017001531 | ||
| 100 | 1 | _aBarreto, B.B. | |
| 110 | 1 |
_aUniversidade Federal de Lavras, MG (Brasil) _0Tese (Mestrado) |
|
| 245 | 1 | _aDesenvolvimento de uma técnica óptica para caracterização da presença de crosta superficial do solo | |
| 260 | 3 |
_aLavras, MG (Brasil): _c2016. |
|
| 300 | _a59 p. | ||
| 500 | _aSummaries (Eng, Por); 42 ref.; 20 illus. | ||
| 650 | _aTEXTURA DO SOLO | ||
| 650 | _aCOMPACTAÇÃO DO SOLO | ||
| 650 | _aTECNOLOGIA | ||
| 650 | _aCLASSIFICAÇÃO DO SOLO | ||
| 650 | _aANÁLISE DO SOLO | ||
| 650 | _aRAIO LASER | ||
| 650 | _aEQUIPAMENTO | ||
| 650 | _aMEDIÇÃO | ||
| 909 |
_a202309 _bLucia _c55 _dLucia Elande |
||
| 942 | _cBK | ||
| 999 |
_c83420 _d83420 |
||